000 00880cab a2200241 4500
001 X3491
008 090401t1996 xxu||||| |||| 00| 0 eng d
035 _a(Sirsi) u30822
041 _aeng
245 _aAtkinson v Cumbria Valuation Tribunal
260 _c1996
350 _a0
490 _aNew Property Cases
_v[1996] NPC 103 (2)
520 _aQBD 26 June 1996. When assessing a domestic dwelling forming part of a composite hereditament, the valuaiton authorities do not in every case have first to make a valuation of the entire composite hereditament. (HEADNOTE FROM JOURNAL) - DO NOT PHOTOCOPY.
650 _aATKINSON V CUMBRIA VALUATION TRIBUNAL
650 _aCOMPOSITE HEREDITAMENT
650 _aCOUNCIL TAX
650 _aLOCAL GOVERNMENT FINANCE ACT 1992 S5
650 _aVALUATION LIST
690 _aTAXATION-CASE LAW
942 _n0
948 _c04/03/1997
999 _c20768
_d20768